|
|
|
|
| LEADER |
00000nam0a2200000 4500 |
| 001 |
343968 |
| 005 |
20231102005620.0 |
| 010 |
|
|
|a 517010717X
|
| 035 |
|
|
|a (RuTPU)RU\TPU\book\374863
|
| 090 |
|
|
|a 343968
|
| 100 |
|
|
|a 20191202d2004 m y0rusy50 ca
|
| 101 |
0 |
|
|a rus
|
| 102 |
|
|
|a RU
|
| 105 |
|
|
|a y z 000ay
|
| 200 |
1 |
|
|a Остров Русь
|e сборник
|f Ю. С. Буркин, С. В. Лукьяненко
|
| 210 |
|
|
|a Москва
|c АСТ
|d 2004
|
| 215 |
|
|
|a 477 с.
|
| 225 |
1 |
|
|a Звездный лабиринт
|
| 330 |
|
|
|a "Сегодня, мама!", "Остров Русь" и "Царь, царевич, король, королевич..." — это развеселая и разудалая трилогия, сочиненная Сергеем Лукьяненко на пару с Юлием Буркиным. Это безудержный полет фантазии, невероятное, причудливое развитие сюжета и, конечно, брызжущий, искрометный юмор!
|
| 606 |
1 |
|
|a Русская литература современная
|2 stltpush
|3 (RuTPU)RU\TPU\subj\26373
|9 50316
|
| 610 |
1 |
|
|a фантастика
|
| 610 |
1 |
|
|a фэнтези
|
| 610 |
1 |
|
|a приключения
|
| 610 |
1 |
|
|a сборники разностороннего содержания
|
| 675 |
|
|
|a Р2
|v 4
|
| 700 |
|
1 |
|a Буркин
|b Ю. С.
|c русский писатель
|f 1960-
|g Юлий Сергеевич
|2 stltpush
|3 (RuTPU)RU\TPU\pers\13172
|
| 701 |
|
1 |
|a Лукьяненко
|b С. В.
|c писатель-фантаст
|f 1968-
|g Сергей Васильевич
|2 stltpush
|3 (RuTPU)RU\TPU\pers\40218
|9 21277
|
| 801 |
|
1 |
|a RU
|b 63413507
|c 20191202
|
| 801 |
|
2 |
|a RU
|b 63413507
|c 20200109
|g RCR
|
| 942 |
|
|
|c BK
|